Sztereografikus projekció

Elmentve itt :
Bibliográfiai részletek
Szerző: Endrődi Mónika
További közreműködők: Miskolczi József (Témavezető)
Dokumentumtípus: Szakdolgozat
Megjelent: 1991
Tárgyszavak:
Online Access:http://diploma.bibl.u-szeged.hu/121180
LEADER 00595nta a2200181 i 4500
001 dipl121180
005 20220204094034.0
008 220125s1991 hu om 0|| hun d
040 |a SZTE Diploma Repozitórium  |b hun 
041 |a hun 
100 1 |a Endrődi Mónika 
245 1 0 |a Sztereografikus projekció  |h [elektronikus dokumentum] /  |c Mónika Endrődi 
260 |c 1991 
650 4 |a Pedagógusképzés 
650 4 |a Mathematics 
650 4 |a Educational sciences 
700 1 |a Miskolczi József  |e ths 
856 4 0 |u http://diploma.bibl.u-szeged.hu/id/eprint/121180/1/1991_endrodi_monika.pdf  |z Dokumentum-elérés